2021 Transformem : persones, prosperitat, planeta i aliances persones, prosperitat, planeta i aliances
Descripción Física:
1 calendari (6 làmines) : il·lustracions ; 16 x 16 xm
Materias:
Calendaris
Idioma:
Catalán
MARC
| LEADER | 00000nam a22000007a 4500 | ||
|---|---|---|---|
| 001 | 25394 | ||
| 003 | Arxiu | ||
| 005 | 20260324181104.0 | ||
| 008 | 220504b spa||||| |||| 00| 0 cat d | ||
| 080 | |2 NBM-13-63 | ||
| 245 | |a 2021 Transformem : |b persones, prosperitat, planeta i aliances | ||
| 260 | |a Barcelona : |b Diputació de Barcelona, |c 2020 | ||
| 300 | |a 1 calendari (6 làmines) : |b il·lustracions ; |c 16 x 16 xm | ||
| 655 | 0 | |a Calendaris |9 52767 | |
| 710 | 1 | |a Barcelona (Catalunya : Província). |b Diputació |9 52408 | |
| 942 | |2 udc |n 1 |c ARXIU | ||
| 952 | |0 0 |1 0 |4 0 |6 NBM1363 |7 1 |9 61474 |a Arxiu |b Arxiu |d 2022-05-04 |l 0 |o NBM-13-63 |p 25394 |r 2022-05-04 00:00:00 |w 2022-05-04 |y ARXIU | ||
| 999 | |c 81427 |d 81427 | ||